| 000 | 00766nam a2200253 a 4500 | ||
|---|---|---|---|
| 001 | BS0001830 | ||
| 003 | BR-BrBNA | ||
| 005 | 20230418191845.0 | ||
| 008 | 230308b |||||||| |||| 00| 0 por d | ||
| 040 |
_aBR-BrBNA _bpor _cBiblioteca Nacional de Agricultura |
||
| 041 | _apor | ||
| 072 | _aD50 | ||
| 090 | _aD50 BS0001830 | ||
| 100 | 1 | _aFigueirêdo, S.R. de | |
| 245 | 1 | _aReforma administrativa, organização da administração federal / | |
| 250 | 1 | _a4. ed. | |
| 260 | 3 |
_aBrasília, DF: _bSubsecretaria de Edições Técnicas. Senado Federal., _c1984. |
|
| 300 | _a499 p. | ||
| 490 | _vDecreto-Lei 200, de 25 de fevereiro de 1967 | ||
| 650 | _aLEGISLAÇÃO | ||
| 650 | _aDIREITO ADMINISTRATIVO | ||
| 909 |
_a202304 _bSergio Santos _c56 _dSergio Santos |
||
| 942 | _cBK | ||
| 999 |
_c6890 _d6890 |
||